• 首页
  • 本馆介绍
  • 公告通知
  • 最新文献
  • 馆藏检索
  • 电子资源
  • 读者导购
  • 参考咨询
  • 我的图书馆
  • 登录
  • 详细信息显示
  • 放入我的书架
  • 预约/预借图书
  • 作者相关作品
  • 分类相关作品
  • 丛书相关作品
  • 出版社相关作品

书目信息

  • 表格格式
  • 工作单格式
  • 卡片格式
题名:
河北省地图集
    
 
作者: ;河北省测绘局 编
分册:  
出版信息: 石家庄   河北省测绘局  1981.12
页数: 159页
开本: 36cm
丛书名:
单 册:
中图分类: K992.2
科图分类:
主题词: 行政区地图--中国
电子资源:
ISBN:
000 00522nam0 2200181 45
001 0504301126
005 20070609104632.15
010    @b精装@dCNY55.00
100    @a20050430d1981 km y0chiy0120 ea
101 0  @achi
200 1  @a河北省地图集@AHe Bei Sheng Di Tu Ji@f河北省测绘局编@FHe Bei Sheng Ce Hui Ju Bian
210    @a石家庄@c河北省测绘局@d1981.12
215    @a159页@d36cm
606 0  @a行政区地图@x中国
690    @aK992.2@v3
711 02 @a河北省测绘局@4编
801    @aCN@bPftUser@c20070609
905    @dK992.2@e15@b144431@f1
    
    河北省地图集/河北省测绘局编.-石家庄:河北省测绘局,1981.12
    159页;36cm
    
    
    ISBN (精装):CNY55.00
    
●
相关链接 在E读中查询图书 在五车中查询图书 在当当中查询图书 在豆瓣中查询图书


正题名:河北省地图集     索取号:K992.2/15         预约/预借

序号 登录号 条形码 馆藏地/架位号 状态 备注
1 0144431   000806612   工具书阅览室/ [索取号:K992.2/15] 在馆    
2 0144432   201444320   第二样本阅览室/ [索取号:K992.2/15] 在馆    
3 0455583   204555837   密集书库/ [索取号:K992.2/15] 在馆    
4 0511476   205114767   密集书库/ [索取号:K992.2/15] 在馆    
5 0511477   205114776   密集书库/ [索取号:K992.2/15] 在馆    
6 0511478   205114785   密集书库/ [索取号:K992.2/15] 在馆    
7 0511479   205114794   密集书库/ [索取号:K992.2/15] 在馆    
8 0511480   205114801   密集书库/ [索取号:K992.2/15] 在馆    
唐山师范学院图书馆 欢迎您!
大连网信软件有限公司© 版权所有